LEADER 01276nam 2200409 450 001 9910468001303321 005 20200520144314.0 010 $a3-8325-9166-4 035 $a(CKB)4910000000017338 035 $a(MiAaPQ)EBC5850430 035 $a(Au-PeEL)EBL5850430 035 $a(OCoLC)1112421877 035 $a(EXLCZ)994910000000017338 100 $a20190917d2014 uy 0 101 0 $aeng 135 $aurcnu|||||||| 181 $ctxt$2rdacontent 182 $cc$2rdamedia 183 $acr$2rdacarrier 200 10$aData compression and compressed sensing in imaging mass spectrometry and sporadic communication /$fAndreas Bartels 210 1$aBerlin :$cLogos Verlag,$d[2014] 210 4$dİ2014 215 $a1 online resource (192 pages) $cillustrations 311 $a3-8325-3850-X 320 $aIncludes bibliographical references. 606 $aMass spectrometry 608 $aElectronic books. 615 0$aMass spectrometry. 676 $a543.0873 700 $aBartels$b Andreas$0922182 801 0$bMiAaPQ 801 1$bMiAaPQ 801 2$bMiAaPQ 906 $aBOOK 912 $a9910468001303321 996 $aData compression and compressed sensing in imaging mass spectrometry and sporadic communication$92069326 997 $aUNINA LEADER 01444aam 2200409I 450 001 9910710286903321 005 20160121100808.0 024 8 $aGOVPUB-C13-cda998c211264d1cc7d02cb4ee161a5d 035 $a(CKB)5470000002476414 035 $a(OCoLC)935499053 035 $a(EXLCZ)995470000002476414 100 $a20160121d1979 ua 0 101 0 $aeng 181 $2rdacontent 182 $2rdamedia 183 $2rdacarrier 200 10$aCollaborative reference program for rubber $eanalyses no. 41 July-September 1979 /$fT. L. Cummings; J. Horlick; G. W. Bullman 210 1$aGaithersburg, MD :$cU.S. Dept. of Commerce, National Institute of Standards and Technology,$d1979. 215 $a1 online resource 225 1 $aNBSIR ;$v79-1811 300 $a1979. 300 $aContributed record: Metadata reviewed, not verified. Some fields updated by batch processes. 300 $aTitle from PDF title page. 320 $aIncludes bibliographical references. 517 $aCollaborative reference program for rubber 700 $aCummings$b T. L$01386493 701 $aBullman$b G. W$01386492 701 $aCummings$b T. L$01386493 701 $aHorlick$b J$01386491 712 02$aUnited States.$bNational Bureau of Standards. 801 0$bNBS 801 1$bNBS 801 2$bGPO 906 $aBOOK 912 $a9910710286903321 996 $aCollaborative reference program for rubber$93482256 997 $aUNINA